000 02156cam a22003974a 4500
001 15249851
005 20081128125124.0
008 080403s2009 pau b 001 0 eng
010 _a 2008015160
020 _a9780781792899 (pbk.)
020 _a0781792894 (pbk.)
035 _a(DNLM)101470611
040 _aDNLM/DLC
_cDLC
_dDLC
042 _apcc
050 0 0 _aRM125
_b.N846 2009
060 1 0 _aWY 49
_bN97499 2009
082 0 0 _a615.1
_222
_bNUR NR
245 0 0 _aNursing pharmacology :
_b made incredibly easy /
250 _a2nd ed.
260 _aPhiladelphia :
_bWolters Kluwer Health/Lippincott Williams & Wilkins,
_cc2009.
300 _avi, 730 p. :
_bill. (some col.) ;
_c24 cm.
490 0 _aIncredibly easy
504 _aIncludes bibliographical references (p. 723) and index.
505 0 _aFundamentals of nursing pharmacology -- Autonomic nervous system drugs -- Neurologic and neuromuscular drugs -- Pain medications -- Cardiovascular drugs -- Respiratory drugs -- Gastrointestinal drugs -- Genitourinary drugs -- Hematologic drugs -- Endocrine drugs -- Psychotropic drugs -- Anti-infective drugs -- Anti-inflammatory, anti-allergy, and immunosuppressant drugs -- Antineoplastic drugs -- Drugs for fluid and electrolyte balance.
650 0 _aPharmacology.
650 0 _aNurses.
650 1 2 _aDrug Therapy
_xnursing
_vHandbooks.
650 2 2 _aPharmacology
_vHandbooks.
710 2 _aLippincott Williams & Wilkins.
856 4 2 _3Publisher description
_uhttp://www.loc.gov/catdir/enhancements/fy0829/2008015160-d.html
856 4 1 _3Table of contents only
_uhttp://www.loc.gov/catdir/enhancements/fy0829/2008015160-t.html
942 _2ddc
_cBB
999 _c10924
_d10924